Responses for Show #5222 - Tuesday, May 1, 2007

2007 College Championship quarterfinal game 2.
From the University of Southern California.

Contestants

[<< previous game]

Hayley Clatterbuck, a junior from the University of Nebraska-Lincoln

Brady Cassis, a junior from Yale University

Craig Boge, a senior from Stanford University

[next game >>]

Jeopardy! Round responses

ANIMALS
PC MAGAZINE
WHEN THEY WERE IN COLLEGE
STATE CAPITALS
ROYALTY
YOU SEE "LA"
    $200 20
the orangutan

Hayley
    $200 6
(Hayley: What is Xerox?)

HP (Hewlett-Packard)

Hayley
Triple Stumper
    $200 7
soccer

Craig
    $200 1
Concord

Hayley
    $200 25
Peter the Great

Craig
    $200 12
larva

Brady
    $400 21
water

Craig
    $400 8
(Craig: What is Apple?)

IBM

CraigBrady
    $400 9
BYU (Brigham Young)

Craig
    $400 2
Olympia

Hayley
    $400 26
Monaco

Craig
    $400 14
a lantern

Craig
    $600 22
the wolf

Hayley
    $600 18
Dell

Craig
    $600 10
Northwestern

Craig
    $600 3
Boston

Brady
    $600 27
Louis XIV

Brady
    $600 15
a lake

Craig
    $800 23
a cuckoo

Hayley
    $800 19
Google

Hayley
    $800 11
Stephen Collins

Triple Stumper
    $1,000 4
Providence

Brady
    $800 28
Spain

Hayley
    $800 16
a lariat

Craig
    $1000 24
distemper

Triple Stumper
    $1000 30
Doom

Craig
    $1000 13
(Hayley: Who is Ibsen?)

August Strindberg

Hayley
Triple Stumper
    $1000 5
Charleston

Craig
    $1000 29
Romania

Brady
    $1000 17
(Craig: What is lanthanide?)

lawrencium

Craig
Triple Stumper

Scores at the first commercial break (after clue 15):

Craig Brady Hayley
$2,800 $2,200 -$600

Scores at the end of the Jeopardy! Round:

Craig Brady Hayley
$5,200 $3,800 $2,600

Double Jeopardy! Round responses

FEMALE SINGERS
LESSER-KNOWN NAMES
FACE BOOK
ANTHROPOLOGIST'S DICTIONARY
THEATRE HISTORY
"USC"
    $400 6
Sheryl Crow

Craig
    $400 19
Antarctica

Craig
    $400 11
Scarlett O'Hara

Brady
    $400 26
the missing link

Hayley
    $400 16
Central Park

Brady
    $400 1
muscles

Craig
    $800 7
Jewel

Craig
    $1,000 20
the War of 1812

Craig
    $800 12
cosmetic

Brady
    $800 27
polygamy

Hayley
    $800 17
Oxford

Craig
    $800 2
Tuscaloosa

Craig
    $1200 8
Indigo Girls

Hayley
    $1200 21
quinine

Craig
    $1200 13
(Craig: Who is Shaw?)

Oscar Wilde

CraigHayley
    $1200 28
(Hayley: What are... the indigenous?)

aborigines

Hayley
Triple Stumper
    $1200 18
masks

Craig
    $1200 3
couscous

Craig
    $1600 9
Sinéad O'Connor

Hayley
    $1600 22
The Rite of Spring

Craig
    $1600 14
The horror!

Brady
    $1,400 29
(Hayley: Uh, what is Java? ...What is Java? [*]?)

Java Man

Hayley
    $1600 24
Cervantes

Craig
    $1600 4
corpuscles

Triple Stumper
    $2000 10
Fiona Apple

Hayley
    $2000 23
(Hayley: Who is Perth?)
[Craig receives applause for his run of the category]

(Sir Thomas) Brisbane

CraigHayley
    $2000 15
the bluest eye

Craig
    $2000 30
middens

Triple Stumper
    $2000 25
Our American Cousin

Triple Stumper
    $2000 5
(Brady: What is Tuscans? [Wincing] Etruscans. [Trying] Etruscans! Who were the Etruscans!?)
(Alex: Well, you said Tuscans first, and that's acceptable, and Etruscans is correct also. So you get credit for the points.)
(Brady: Whew.)

Etruscans (or Tuscans)

Brady

Scores at the end of the Double Jeopardy! Round:

Craig Brady Hayley
$19,400 $9,000 $8,000
(lock game)

Final Jeopardy! Round responses

FICTIONAL CHARACTERS
(Alex: One of the great works by Ayn Rand.)
...
(Alex: [Revealing Hayley's response] Did you read the novel? If you did, you'd know "Who is [*]?", and you know that's the first line of the book.)
HayleyWho is John Galt?
$5,500
BradyWho is Zeus?
$2,500
CraigWho is Atlas???
$600
John Galt

Final scores:

Craig Brady Hayley
$18,800 $6,500 $13,500
Automatic semifinalist 3rd place: $5,000 if eliminated 2nd place: $5,000 if eliminated

Game dynamics:

Coryat scores:

Craig Brady Hayley
$19,200 $8,800 $8,200
26 R
(including 1 DD),
3 W
11 R
(including 1 DD),
0 W
14 R
(including 1 DD),
4 W

Combined Coryat: $36,200

[game clues] [game scores] [suggest correction]

Game tape date: 2007-04-21
The J! Archive is created by fans, for fans. Scraping, republication, monetization, and malicious use prohibited; this site may use cookies and collect identifying information. See terms. The Jeopardy! game show and all elements thereof, including but not limited to copyright and trademark thereto, are the property of Jeopardy Productions, Inc. and are protected under law. This website is not affiliated with, sponsored by, or operated by Jeopardy Productions, Inc. Join the discussion at JBoard.tv.